Nghệ thuật bán hàng bậc cao = Secrets of closing the sale /
Na minha lista:
| Autor principal: | |
|---|---|
| Outros Autores: | |
| Formato: | Sách giấy |
| Idioma: | Vietnamese English |
| Publicado em: |
Tp. Hồ Chí Minh :
Nxb. Tổng hợp,
2018.
|
| Edição: | Tái bản có bổ sung. |
| Assuntos: | |
| Tags: |
Adicionar Tag
Sem tags, seja o primeiro a adicionar uma tag!
|
| Thư viện lưu trữ: | Thư viện Trường Đại học Đà Lạt |
|---|
| LEADER | 01373nam a2200349 4500 | ||
|---|---|---|---|
| 001 | DLU190189457 | ||
| 005 | ##20190122 | ||
| 020 | # | # | |a 9786045875117 |
| 040 | # | # | |a DLU |b vie |
| 041 | # | # | |a vie |h eng |
| 044 | # | # | |a vn |
| 082 | # | # | |a 658.85 |b ZI-Z |
| 100 | # | # | |a Ziglar, Zig. |
| 245 | # | # | |a Nghệ thuật bán hàng bậc cao = |b Secrets of closing the sale / |c Zig Ziglar; Vương Bảo Long dịch. |
| 246 | # | # | |a Secrets of closing the sale |
| 250 | # | # | |a Tái bản có bổ sung. |
| 260 | # | # | |a Tp. Hồ Chí Minh : |b Nxb. Tổng hợp, |c 2018. |
| 300 | # | # | |a 519 tr. ; |c 21 cm. |
| 505 | # | # | |a Phần 1. Phân tích tâm lý bán hàng -- Phần 2. Điểm mấu chốt của nghệ thuật bán hàng -- Phần 3. Để trở thành nhà bán hàng chuyên nghiệp -- Phần 4. Mối liên hệ giữa trí tưởng tượng và bức tranh ngôn từ -- Phần 5. Những chi tiết không thể bỏ qua trong quá trình bán hàng -- Phần 6. Chìa khóa kết thúc thành công thương vụ -- Phần 7. Ảnh hưởng của khoa học công nghệ. |
| 650 | # | # | |a Bán hàng. |
| 700 | # | # | |a Vương Bảo Long, |e dịch. |
| 923 | # | # | |a 05/2018 |
| 991 | # | # | |a SH |
| 992 | # | # | |a 128000 |
| 994 | # | # | |a DLU |
| 900 | # | # | |a True |
| 911 | # | # | |a Nguyễn Thanh Hương |
| 925 | # | # | |a G |
| 926 | # | # | |a A |
| 927 | # | # | |a SH |
| 980 | # | # | |a Thư viện Trường Đại học Đà Lạt |


